000 00639nam a2200217Ia 4500
001 13163
003 GE_BSU
008 181216s||||||||xx |||||||||||||| ||und||
040 _cGE_BSU
080 _a631.4
245 _aПроблемы советского почвоведения.Сборник 11
245 _bСборник 11
245 _cОтв.ред.И.И.Герасимов
260 _aМ-Л
260 _bИзд-во АНСССР
260 _c1940
300 _a224стр.илл.27см.
300 _cБиблиогр.с.223
653 _aПроблемы советского почвоведения
942 _cBK
999 _c46327
_d46327